000 00533nam a2200169 i 4500
001 45613
003 ES-MaACL
005 20230906161239.0
007 t|
008 030326s1964 sp ||||1| spa d
100 1 _aColmeiro Laforet, Carlos
_939772
245 1 0 _aMaltusianismo
_b: razones y sinrazones de la limitación de la natalidad /
_cCarlos Colmeiro-Laforet.
260 _a[Vigo :
_bs.n.,
_c1964] (
_fTip. Faro de Vigo)
300 _a238 p. ;
_c24 cm.
852 _aES-MaACL
_jC-26347
_bR.54700
999 _c45613
_d45613